Statystyki dla Stare filmy - ujęcia

Kliknij tutaj aby rozwiązać quiz!

Ogólne statystyki

  • Ten quiz został rozwiązany 192 razy
  • Średni wynik to 5 z 15

Statystyki odpowiedzi

Odpowiedź% Poprawnych
Kleopatra
84%
Mechaniczna pomarańcza
66%
Casablanca
45%
Lawrence z Arabii
41%
Przeminęło z wiatrem
41%
Mary Poppins
40%
Ben Hur
36%
Rzymskie wakacje
34%
Buntownik bez powodu
21%
Zabić drozda
21%
Słomiany wdowiec
18%
Doktor Strangelove
16%
Doktor Żywago
15%
Flipper
6%
Nieugięty Luke
6%

Rozkład punktacji

Percentyl według liczby udzielonych odpowiedzi

Procent ludzi z każdym wynikiem

Twoja historia wyników

Nie rozwiązałeś tego quizu